Tự học AutoCad qua các ví dụ

Bewaard in:
Bibliografische gegevens
Hoofdauteur: Nguyễn, Đức Ngọc Quý
Formaat: Boek
Taal:Undetermined
Gepubliceerd in: Thành phố Hồ Chí Minh Đại học Quốc gia 2004
Onderwerpen:
Tags: Voeg label toe
Geen labels, Wees de eerste die dit record labelt!
Thư viện lưu trữ: Trung tâm Học liệu Trường Đại học Cần Thơ
LEADER 00650nam a2200205Ia 4500
001 CTU_93569
008 210402s9999 xx 000 0 und d
020 |c 57000 
082 |a 620.004020285 
082 |b Qu600 
100 |a Nguyễn, Đức Ngọc Quý 
245 0 |a Tự học AutoCad qua các ví dụ 
245 0 |c Nguyễn Đức Ngọc Quý 
260 |a Thành phố Hồ Chí Minh 
260 |b Đại học Quốc gia 
260 |c 2004 
650 |a Autocad (computer programs),Engineering drawing 
650 |x Computer programs 
904 |i Nguyên 
980 |a Trung tâm Học liệu Trường Đại học Cần Thơ